<?xml version="1.0" encoding="UTF-8"?>
<record
    xmlns:xsi="http://www.w3.org/2001/XMLSchema-instance"
    xsi:schemaLocation="http://www.loc.gov/MARC21/slim http://www.loc.gov/standards/marcxml/schema/MARC21slim.xsd"
    xmlns="http://www.loc.gov/MARC21/slim">

  <leader>00632nam#a22002295a#4500</leader>
  <controlfield tag="001">1600</controlfield>
  <controlfield tag="008">101101s1970####ag#a###f######001#0#spa#d</controlfield>
  <datafield tag="245" ind1="1" ind2="0">
    <subfield code="a">Resumen del curso sobre mantenimiento pr&#xE1;ctico del tractor y uso correcto de implementos agr&#xED;colas /</subfield>
    <subfield code="c">FAHR.</subfield>
  </datafield>
  <datafield tag="250" ind1=" " ind2=" ">
    <subfield code="a">1&#xAA; ed.</subfield>
  </datafield>
  <datafield tag="260" ind1=" " ind2=" ">
    <subfield code="a">Buenos Aires :</subfield>
    <subfield code="b">FAHR,</subfield>
    <subfield code="c">[197?]</subfield>
  </datafield>
  <datafield tag="300" ind1=" " ind2=" ">
    <subfield code="a">20 p. :</subfield>
    <subfield code="b">il. byn. ;</subfield>
    <subfield code="c">28 cm.</subfield>
  </datafield>
  <datafield tag="710" ind1="2" ind2=" ">
    <subfield code="a">FAHR.</subfield>
  </datafield>
  <datafield tag="080" ind1=" " ind2=" ">
    <subfield code="a">631.372</subfield>
  </datafield>
  <datafield tag="084" ind1=" " ind2=" ">
    <subfield code="a">T78</subfield>
  </datafield>
  <datafield tag="653" ind1=" " ind2=" ">
    <subfield code="a">Tractores agr&#xED;colas</subfield>
  </datafield>
  <datafield tag="653" ind1=" " ind2=" ">
    <subfield code="a">Motores</subfield>
  </datafield>
  <datafield tag="653" ind1=" " ind2=" ">
    <subfield code="a">Ingenier&#xED;a agr&#xED;cola</subfield>
  </datafield>
  <datafield tag="040" ind1=" " ind2=" ">
    <subfield code="a">AR-ClEAG</subfield>
    <subfield code="c">AR-ClEAG</subfield>
  </datafield>
  <controlfield tag="005">20241107184715.0</controlfield>
  <controlfield tag="003">AR-ClEAG</controlfield>
  <datafield tag="942" ind1=" " ind2=" ">
    <subfield code="c">BK</subfield>
  </datafield>
  <datafield tag="999" ind1=" " ind2=" ">
    <subfield code="c">1600</subfield>
    <subfield code="d">1600</subfield>
  </datafield>
  <datafield tag="980" ind1=" " ind2=" ">
    <subfield code="6">2</subfield>
    <subfield code="a">Evangelina Gallicchio</subfield>
    <subfield code="8">2</subfield>
    <subfield code="g">Evangelina Gallicchio</subfield>
  </datafield>
  <datafield tag="952" ind1=" " ind2=" ">
    <subfield code="0">0</subfield>
    <subfield code="1">0</subfield>
    <subfield code="2">udc</subfield>
    <subfield code="4">0</subfield>
    <subfield code="7">0</subfield>
    <subfield code="a">EAC</subfield>
    <subfield code="b">EAC</subfield>
    <subfield code="c">Econom&#xED;a y administraci&#xF3;n. Sociolog&#xED;a rural</subfield>
    <subfield code="d">2024-11-07</subfield>
    <subfield code="i">137</subfield>
    <subfield code="l">0</subfield>
    <subfield code="o">R3 631.372 T78 Ej.1</subfield>
    <subfield code="p">137</subfield>
    <subfield code="r">2024-11-07 18:47:15</subfield>
    <subfield code="w">2024-11-07</subfield>
    <subfield code="y">BK</subfield>
  </datafield>
  <datafield tag="952" ind1=" " ind2=" ">
    <subfield code="0">0</subfield>
    <subfield code="1">0</subfield>
    <subfield code="2">udc</subfield>
    <subfield code="4">0</subfield>
    <subfield code="7">0</subfield>
    <subfield code="a">EAC</subfield>
    <subfield code="b">EAC</subfield>
    <subfield code="c">Econom&#xED;a y administraci&#xF3;n. Sociolog&#xED;a rural</subfield>
    <subfield code="d">2024-11-07</subfield>
    <subfield code="i">847</subfield>
    <subfield code="l">0</subfield>
    <subfield code="o">R3 631.372 T78 Ej.2</subfield>
    <subfield code="p">847</subfield>
    <subfield code="r">2024-11-07 18:47:15</subfield>
    <subfield code="w">2024-11-07</subfield>
    <subfield code="y">BK</subfield>
  </datafield>
  <datafield tag="952" ind1=" " ind2=" ">
    <subfield code="0">0</subfield>
    <subfield code="1">0</subfield>
    <subfield code="2">udc</subfield>
    <subfield code="4">0</subfield>
    <subfield code="7">0</subfield>
    <subfield code="a">EAC</subfield>
    <subfield code="b">EAC</subfield>
    <subfield code="c">Econom&#xED;a y administraci&#xF3;n. Sociolog&#xED;a rural</subfield>
    <subfield code="d">2024-11-07</subfield>
    <subfield code="i">848</subfield>
    <subfield code="l">0</subfield>
    <subfield code="o">R3 631.372 T78 Ej.3</subfield>
    <subfield code="p">848</subfield>
    <subfield code="r">2024-11-07 18:47:15</subfield>
    <subfield code="w">2024-11-07</subfield>
    <subfield code="y">BK</subfield>
  </datafield>
  <datafield tag="952" ind1=" " ind2=" ">
    <subfield code="0">0</subfield>
    <subfield code="1">0</subfield>
    <subfield code="2">udc</subfield>
    <subfield code="4">0</subfield>
    <subfield code="7">0</subfield>
    <subfield code="a">EAC</subfield>
    <subfield code="b">EAC</subfield>
    <subfield code="c">Econom&#xED;a y administraci&#xF3;n. Sociolog&#xED;a rural</subfield>
    <subfield code="d">2024-11-07</subfield>
    <subfield code="i">849</subfield>
    <subfield code="l">0</subfield>
    <subfield code="o">R3 631.372 T78 Ej.4</subfield>
    <subfield code="p">849</subfield>
    <subfield code="r">2024-11-07 18:47:15</subfield>
    <subfield code="w">2024-11-07</subfield>
    <subfield code="y">BK</subfield>
  </datafield>
</record>
